Odštartujte výrobu skôr a lacnejšie

Významný pokrok rýchleho uvedenia komplexných výrobných zariadení a systémov do prevádzky, ktorý skracuje čas uvedenia výrobkov na trh, predstavujú systémy Virtual Commissioning, teda virtuálne uvedenie do prevádzky.

Salvato in:
Dettagli Bibliografici
Autore principale: Gregor, Milan
Altri autori: Michulek, Tomáš, Rofár, Ján
Natura: Capitolo di libro
Lingua:slovacco
Soggetti:
Tags: Aggiungi Tag
Nessun Tag, puoi essere il primo ad aggiungerne!!

MARC

LEADER 00000naa a2200000 4500
001 0174331
005 20231011123256.5
041 0 |a slo 
044 |a SK 
245 1 0 |a Odštartujte výrobu skôr a lacnejšie  |c Milan Gregor, Tomáš Michulek, Ján Rofár 
520 |a Významný pokrok rýchleho uvedenia komplexných výrobných zariadení a systémov do prevádzky, ktorý skracuje čas uvedenia výrobkov na trh, predstavujú systémy Virtual Commissioning, teda virtuálne uvedenie do prevádzky. 
610 2 0 |a systémy výrobné 
610 2 0 |a automatizácia 
610 2 0 |a robotizácia 
610 2 0 |a realita virtuálna 
610 2 0 |a technika digitálna 
610 2 0 |a inovácia 
610 2 0 |a výroba 
100 1 |a Gregor, Milan 
700 1 |a Michulek, Tomáš 
700 1 |a Rofár, Ján